12 x 12 Tabela Mnożenia - Dwuminutowy Sprint - Statystyki

Ogólne statystyki
  • Ten quiz został rozwiązany 85 razy
  • Średni wynik to 125 z 144
Statystyki odpowiedzi
# % Poprawnych
1
100%
10
100%
4
100%
5
100%
8
100%
9
100%
11
98%
12
98%
2
98%
20
98%
3
98%
30
98%
36
98%
40
98%
6
98%
7
98%
14
95%
18
95%
24
95%
48
95%
15
93%
16
93%
22
93%
27
93%
33
93%
44
93%
50
93%
21
91%
28
91%
32
91%
45
91%
55
91%
60
91%
35
88%
25
86%
42
86%
66
86%
72
81%
49
79%
80
79%
100
77%
70
77%
54
74%
99
74%
77
72%
90
72%
56
67%
64
67%
88
67%
63
65%
120
63%
110
60%
121
60%
81
60%
84
51%
96
51%
144
44%
132
42%
108
35%
Nie znaleziono quizów pasujących do podanych kryteriów
Rozkład punktacji
Procent ludzi z każdym wynikiem
Percentyl według liczby udzielonych odpowiedzi
Twoja historia wyników
Nie rozwiązałeś tego quizu